000 00445nam a2200157Ia 4500
003 GCL
008 140319s9999 xx 000 0 eng d
040 _aGCL /
_cGCL
082 0 4 _a758.109492
_bS D
100 1 _aSTECHOW, WOLFGANG
245 1 0 _aDUTCH LANDSCAPE PAINTING OF THE SEVENTEENTH CENTURY /
_cSTECHOW, WOLFGANG
260 _a[S.N] :
_bPHAIDON ،
_c1981
300 _a494
650 0 4 _aLANDSCAPE PAINTING 17 TH CENTURY
942 _2ddc
_cBK
999 _c17348
_d17348